On gradual monetary reform.

Stratégia postupnosti v uskutočňovaní Európskej menovej únie do r. 1992 - Delorsov plán na zavedenie jedinej meny - základné rysy Delorsovho plánu vzhľadom na prechod k menovej únii. Koncepcia konvergencie národných ekonomík a inflačných mier. Možnosť dosiahnutia konvergencie za podmienok špecifikov...

Descrizione completa

Salvato in:
Dettagli Bibliografici
Autore principale: Giovannini, Alberto
Natura: Capitolo di libro
Lingua:inglese
Soggetti:
Tags: Aggiungi Tag
Nessun Tag, puoi essere il primo ad aggiungerne!!

MARC

LEADER 00000naa a2200000 4500
001 r004689
005 20221130103137.9
041 0 |a eng 
044 |a NL 
245 1 0 |a On gradual monetary reform.  |c Alberto Giovannini 
520 |a Stratégia postupnosti v uskutočňovaní Európskej menovej únie do r. 1992 - Delorsov plán na zavedenie jedinej meny - základné rysy Delorsovho plánu vzhľadom na prechod k menovej únii. Koncepcia konvergencie národných ekonomík a inflačných mier. Možnosť dosiahnutia konvergencie za podmienok špecifikovaných v Delorsovom pláne. Alternatívna "monetaristická" stratégia menovej reformy. 
610 2 0 |a reformy menové 
610 2 0 |a Európsky menový systém 
610 2 0 |a inflácia 
610 2 0 |a 1992 
610 2 0 |a únie menové 
610 2 0 |a západná Európa 
100 1 |a Giovannini, Alberto